Verejný sektor v ekonomike.

Rozsah a štruktúra verejného sektora vo vyspelých ekonomikách. Príčiny existencie verejného sektora v trhových ekonomikách. Jeho odvodenie od tzv. "zlyhania trhu" - "market failure". Analýza činiteľov, ktoré vylučujú voľnú trhovú reguláciu vo všetkých oblastiach trhovej ekonomiky.

Enregistré dans:
Détails bibliographiques
Auteur principal: Nemec, J.
Format: Chapitre de livre
Langue:slovaque
Sujets:
Tags: Ajouter un tag
Pas de tags, Soyez le premier à ajouter un tag!

MARC

LEADER 00000naa a2200000 4500
001 r011034
005 20220831085642.5
041 0 |a slo 
044 |a [CS] 
245 1 0 |a Verejný sektor v ekonomike.  |c J. Nemec 
520 |a Rozsah a štruktúra verejného sektora vo vyspelých ekonomikách. Príčiny existencie verejného sektora v trhových ekonomikách. Jeho odvodenie od tzv. "zlyhania trhu" - "market failure". Analýza činiteľov, ktoré vylučujú voľnú trhovú reguláciu vo všetkých oblastiach trhovej ekonomiky. 
610 2 0 |a sektor verejný 
610 2 0 |a hospodárstvo trhové 
610 2 0 |a intervencionizmus štátny 
610 2 0 |a redistribúcia zdrojov finančných 
610 2 0 |a statky verejné 
610 2 0 |a externality 
610 2 0 |a regulácia 
100 1 |a Nemec, J.